000 00372nam a22001577a 4500
003 MPLRDC
005 20220104143223.0
008 210129b ||||| |||| 00| 0 eng d
082 _a420 MTF-2
100 _a不详
245 _a秘术一千种
_c
260 _a
_b满庭芳出版社
_c1987
300 _b
650 _a家事;家政总论
942 _cBK
_o420 MTF-2
999 _c37779
_d37769